000 00827cam a2200253 a 4500
001 000009420
003 OSt
005 20200929161604.0
008 940113s1993 sp 000 0 spa
020 _a8471548674
040 _aDO-SdBNP
_bspa
_cBNPHU
082 _aXXXXX
_bB641e
100 1 _aBlanco-Amor, Eduardo,
_d1987-1979.
_924211
245 1 2 _aA escadeira de Jacob :
_bnovela de aventuras filosóficas /
_cEduardo Blanco-Amor ; edición de Anxo Tarrío Varela.
260 _aVigo, (España) :
_bGalaxia,
_c[1993].
300 _a115 p. ;
_c21 cm.
490 0 _aLiteraria ;
_v109 ;
500 _aIncluye datos biográficos en la solapa de la portada.
590 _aInventariado, 2020/ YL
700 1 _aTarrío Varela, Anxo,
_eed.
_924212
830 0 _aLiteraria
_n109
_924213
910 _aEn proceso
942 _2ddc
_cLF1
999 _c9180
_d9180